Govt. of
Madhya Pradesh

जीवन संदेश (Record no. 64630)

MARC details
000 -LEADER
fixed length control field 00250nam a2200097Ia 4500
008 - FIXED-LENGTH DATA ELEMENTS--GENERAL INFORMATION
fixed length control field 221009s9999 xx 000 0 und d
082 ## - DEWEY DECIMAL CLASSIFICATION NUMBER
Classification number 920
100 ## - MAIN ENTRY--PERSONAL NAME
Personal name खलील जिब्रान
9 (RLIN) 20121
245 #0 - TITLE STATEMENT
Title जीवन संदेश
942 ## - ADDED ENTRY ELEMENTS (KOHA)
Koha item type Books

No items available.